000 00389nam a2200157Ia 4500
008 210210b1987 xxu||||| |||| 00| 0 eng d
082 _a030 ENCY
100 _aENCYCLOPAEDIA BRITANNICA.
245 _aNew micropaedia.V1.
260 _aChicago.
_bEncyclopaedia Britannica,
_c1987
300 _a980
440 _a1
650 _aMicropaedia
690 _aEncyclopaedia
906 _a039901
999 _c90009
_d90009